000 00375nam a2200145Ia 4500
008 231217s9999 xx 000 0 und d
041 _aEnglish
082 _a001.535 JAN;1 R
100 _aJanakiraman, V S Surekesi, K
245 0 _aDecision support systems
260 _c1999
_bPHI
_aNew Delhi
300 _avii+221
650 _aDecision,support,systems
942 _cAA
999 _c175258
_d175258